European capitals by twin towns that are also capitals #1 - Statistics

General Stats
  • This quiz has been taken 9 times
  • The average score is 6 of 15
Answer Stats
Capital twin towns and sister cities Capital % Correct
Madrid, Warsaw, Moscow, Brussels, Budapest, Tashkent, Mexico City, Jakarta, Beijing, Tokyo, Buenos Aires, Prague, Windhoek, London, Tallinn Berlin
100%
Prague, Moscow, Budapest, Warsaw, Vienna, Ljubljana, Yerevan, Kyiv Bratislava
67%
Baku, Caracas, Copenhagen, Helsinki, La Paz, Mexico City, Moscow, Oslo, Stockholm, Vilnius Reykjavík
56%
Paris Rome
56%
Algiers, Amman, Ankara, Bucharest, Kyiv, Moscow, Tbilisi Sofia
44%
Beijing, Berlin, Helsinki, Moscow, Riga, Stockholm, Vienna, Vilnius, Yerevan Tallinn
44%
Beijing Dublin
33%
Beijing, Tallinn, Stockholm, Berlin, Moscow Helsinki
33%
Tokyo, Seoul, Lisbon, Panama City, Malabo, Nouakchott, Manila, Sarajevo, Abu Dhabi, Rabat, Tripoli Madrid
33%
Kathmandu, Chișinău, Havana, Tehran, Abu Dhabi, Ankara, Bishkek, Islamabad, Tbilisi, Vilnius Minsk
33%
Ankara, Baku, Bangkok, Beijing, Berlin, Bucharest, Buenos Aires, Jakarta, Ljubljana, London, Manila, New Delhi, Nur-Sultan, Prague, Pyongyang, Reykjavík, Riga, Seoul, Tallinn, Tashkent, Tehran, Tokyo, Ulaanbaatar, Vilnius, Warsaw Moscow
33%
Beijing, Berlin, Brasília, Kyiv, Kinshasa, Ljubljana, Madrid, Moscow, Prague, Tirana, Washington D.C. Brussels
22%
Ankara, Ashgabat, Athens, Baku, Beijing, Bishkek, Brasília, Bratislava, Brussels, Buenos Aires, Chișinău, Havana, Jakarta, Lima, Mexico City, Nur-Sultan, Pretoria, Riga, Santiago, Sofia, Tallinn, Tashkent, Tbilisi, Vilnius, Warsaw Kyiv
22%
Brussels, Budapest, Chișinău, Kyiv, Minsk, Moscow, Nur-Sultan, Oslo, Reykjavík, Riga, Stockholm, Taipei, Tallinn, Tbilisi, Warsaw Vilnius
22%
Buenos Aires, Lisbon, Budapest, La Paz, Sarajevo, Ljubljana, Podgorica, Ankara, London, Skopje, Warsaw, Nur-Sultan, Rome, Vienna Zagreb
22%
No matching quizzes found
Score Distribution
Percent of People with Each Score
Percentile by Number Answered
Your Score History
You have not taken this quiz